000 00642nam a2200229Ia 4500
003 OSt
005 20220928102708.0
006 a|||||r|||| 00| 0
007 ta
008 220927b |||||||| |||| 00| 0 eng d
024 _a111861
037 _cTextual
040 _aSDCL
_cSDCL
_beng
041 _2eng
_aeng
082 _aQ233:23, N6
100 _aAngiras Ashutosh
_9399874
245 0 _aPratibha-siddhant-vimarsh
_bTrik darshan ke vishesh sandarbh main.
260 _aNew Delhi
_bMartaka Prakashan
_c1996
300 _a175p.
_ccm.
942 _hQ233:23, N6
_cTEXL
_2CC
999 _c715777
_d715777